Kỹ thuật nuôi trồng một số đối tượng thủy sản ở biển
Sách đề cập đến những kỹ thuật cơ bản về nuôi cá lồng, tôm hùm lồng, nuôi ốc hương, trồng rong sụn biển
Saved in:
| Corporate Authors: | , |
|---|---|
| Format: | Book |
| Language: | Undetermined |
| Published: |
Hà Nội
Nông nghiệp
2003
|
| Subjects: | |
| Tags: |
Add Tag
No Tags, Be the first to tag this record!
|
| Institutions: | Trung tâm Học liệu Trường Đại học Cần Thơ |
|---|
| LEADER | 00862nam a2200205Ia 4500 | ||
|---|---|---|---|
| 001 | CTU_161656 | ||
| 008 | 210402s9999 xx 000 0 und d | ||
| 082 | |a 639.32 | ||
| 082 | |b Tr513 | ||
| 110 | |a Bộ Thủy sản | ||
| 110 | |b Trung tâm khuyến ngư quốc gia | ||
| 245 | 0 | |a Kỹ thuật nuôi trồng một số đối tượng thủy sản ở biển | |
| 245 | 0 | |c Bộ Thủy sản. Trung tâm khuyến ngư quốc gia | |
| 260 | |a Hà Nội | ||
| 260 | |b Nông nghiệp | ||
| 260 | |c 2003 | ||
| 520 | |a Sách đề cập đến những kỹ thuật cơ bản về nuôi cá lồng, tôm hùm lồng, nuôi ốc hương, trồng rong sụn biển | ||
| 650 | |a Fishes culture,Nuôi cá | ||
| 904 | |i Trọng Hải | ||
| 980 | |a Trung tâm Học liệu Trường Đại học Cần Thơ | ||